[Event "27th 4NCL OTB Congress"]
[Site "Harrogate, United Kingdom"]
[Date "2022.01.23"]
[Round "4.20"]
[White "Wynarczyk, Raymond"]
[Black "Fathallah, Joe"]
[Result "0-1"]
[WhiteElo "1896"]
[BlackElo "1988"]
[PlyCount "104"]
[EventDate "2022.01.21"]

1. e4 e6 2. d4 d5 3. Nc3 Nf6 4. Bg5 Be7 5. e5 Nfd7 6. h4 a6 7. Qg4 Bxg5 8. hxg5
c5 9. g6 f5 10. exf6 Nxf6 11. Qf4 h6 12. dxc5 Nc6 13. Nf3 Qe7 14. Qd6 Qxd6 15.
cxd6 e5 16. Ng5 Bf5 17. O-O-O d4 18. Na4 b5 19. Nc5 Rg8 20. Nge6 Bxe6 21. Nxe6
Kd7 22. Nc5+ Kxd6 23. Nb3 Rac8 24. Kb1 Rgd8 25. f4 exf4 26. Nxd4 Nxd4 27. Rxd4+
Ke5 28. Rxd8 Rxd8 29. Bd3 Kd4 30. Bxb5 Ke3 31. Bxa6 Kf2 32. Bb7 Nd5 33. c4 Ne3
34. c5 Rd7 35. Be4 Nxg2 36. Rh2 f3 37. c6 Re7 38. Bd5 Kg1 39. Bxf3 Kxh2 40. b4
Ne3 41. a4 Nc4 42. Kc2 Kg3 43. Bh5 Kh4 44. Kc3 Nb6 45. Bd1 Kg5 46. a5 Nd5+ 47.
Kb3 h5 48. b5 h4 49. b6 h3 50. b7 h2 51. b8=Q h1=Q 52. Qg3+ Kh6 0-1

[Event "27th 4NCL OTB Congress"]
[Site "Harrogate, United Kingdom"]
[Date "2022.01.23"]
[Round "4.21"]
[White "Sheppard, Derek Alan"]
[Black "Brencher, Paul"]
[Result "0-1"]
[WhiteElo "1698"]
[BlackElo "1975"]
[PlyCount "48"]
[EventDate "2022.01.21"]

1. d4 d6 2. Bf4 g6 3. Nf3 Bg7 4. e3 Nd7 5. h3 e5 6. Bh2 Qe7 7. Be2 Nh6 8. O-O
O-O 9. c3 e4 10. Ne1 b6 11. Nc2 Nf5 12. a4 Bb7 13. Nba3 a6 14. Nc4 Nh4 15. b4
g5 16. Kh1 f5 17. Qd2 f4 18. g3 Ng6 19. Bh5 Qe6 20. Bg4 Qxc4 21. Bxd7 h5 22.
Na3 Qf7 23. Qa2 d5 24. Qe2 f3 0-1

[Event "27th 4NCL OTB Congress"]
[Site "Harrogate, United Kingdom"]
[Date "2022.01.23"]
[Round "4.22"]
[White "Hepworth, Peter"]
[Black "Hymer, Barry"]
[Result "1-0"]
[WhiteElo "2007"]
[BlackElo "1963"]
[PlyCount "57"]
[EventDate "2022.01.21"]

1. Nf3 d6 2. d4 Nf6 3. c4 Nbd7 4. Nc3 e5 5. e4 Be7 6. h3 c6 7. Be3 O-O 8. g4
exd4 9. Nxd4 Ne5 10. g5 Ne8 11. f4 Nd7 12. Be2 Nc5 13. Bg4 g6 14. Qc2 Ng7 15.
O-O-O Nce6 16. Nce2 Bd7 17. Rdg1 b5 18. Nxe6 Bxe6 19. h4 Qa5 20. f5 Bxc4 21. f6
Qxa2 22. Nc3 Qa1+ 23. Kd2 Qa5 24. h5 d5 25. hxg6 fxg6 26. fxg7 Rfd8 27. Be6+
Kxg7 28. Rxh7+ Kf8 29. Rh8+ 1-0

[Event "27th 4NCL OTB Congress"]
[Site "Harrogate, United Kingdom"]
[Date "2022.01.23"]
[Round "4.23"]
[White "Varley, Joe"]
[Black "Miller, George"]
[Result "1-0"]
[WhiteElo "1983"]
[BlackElo "1889"]
[PlyCount "75"]
[EventDate "2022.01.21"]

1. e4 e6 2. d4 d5 3. Nd2 dxe4 4. Nxe4 Bd7 5. Bd3 Bc6 6. Nf3 Nd7 7. c3 Ngf6 8.
Nxf6+ Nxf6 9. O-O Bxf3 10. Qxf3 c6 11. Re1 Bd6 12. Bg5 h6 13. Bd2 Qc7 14. h3
O-O 15. Bxh6 Nd5 16. Bd2 Nf4 17. Bc2 g6 18. Re4 Nh5 19. Bh6 Qe7 20. Bxf8 Kxf8
21. Rae1 Kg7 22. a3 Rh8 23. c4 Nf6 24. R4e2 Bb8 25. Kf1 Qd6 26. Rd2 Rh4 27. Qg3
Rf4 28. Qd3 Rf5 29. g3 Nh5 30. Kg1 Rg5 31. Re5 f5 32. Qe3 f4 33. Qe4 Nxg3 34.
fxg3 Qe7 35. Rxe6 Rxg3+ 36. Rg2 Rxg2+ 37. Kxg2 Qg5+ 38. Kh1 1-0

[Event "27th 4NCL OTB Congress"]
[Site "Harrogate, United Kingdom"]
[Date "2022.01.23"]
[Round "4.24"]
[White "Riddle, Jim"]
[Black "De Sousa Muachikape, Jael"]
[Result "0-1"]
[WhiteElo "1585"]
[BlackElo "1841"]
[PlyCount "68"]
[EventDate "2022.01.21"]

1. e4 c6 2. d4 d5 3. exd5 cxd5 4. Nf3 Nf6 5. Bb5+ Bd7 6. Bxd7+ Nbxd7 7. O-O e6
8. Bg5 Be7 9. c3 O-O 10. Nbd2 Rc8 11. Nb3 Ne4 12. Bxe7 Qxe7 13. Nbd2 Ndf6 14.
Nxe4 Nxe4 15. Nd2 Nxd2 16. Qxd2 b5 17. Rae1 b4 18. f4 bxc3 19. bxc3 g6 20. f5
Qa3 21. f6 Kh8 22. Qh6 Rg8 23. Re3 Qf8 24. Rh3 Qxh6 25. Rxh6 g5 26. Rh3 Rg6 27.
Re3 Kg8 28. h3 Kf8 29. Kh2 Ke8 30. Kg3 Kd7 31. Ref3 Rb8 32. Kg4 h5+ 33. Kxh5 g4
34. hxg4 Rh8# 0-1

[Event "27th 4NCL OTB Congress"]
[Site "Harrogate, United Kingdom"]
[Date "2022.01.23"]
[Round "5.2"]
[White "Wells, Peter K"]
[Black "Willow, Jonah B"]
[Result "1/2-1/2"]
[WhiteElo "2423"]
[BlackElo "2425"]
[PlyCount "105"]
[EventDate "2022.01.21"]

1. d4 Nf6 2. c4 e6 3. Nf3 d5 4. Nc3 dxc4 5. Bg5 Bb4 6. e4 h6 7. Bxf6 Qxf6 8.
Bxc4 O-O 9. O-O c5 10. e5 Qd8 11. Ne4 cxd4 12. Rc1 Nc6 13. Qe2 Qe7 14. Bd3 Rd8
15. a3 Ba5 16. Ng3 Bc7 17. Qe4 g6 18. Nh5 Nxe5 19. Nxe5 Bxe5 20. Qxe5 gxh5 21.
Qxh5 Qg5 22. Qe2 Bd7 23. f4 Qf6 24. Rc5 Rac8 25. Re5 b6 26. f5 Rc5 27. Rxc5
bxc5 28. Qc2 Qe5 29. f6 Bc6 30. b4 cxb4 31. axb4 Ba4 32. Bh7+ Kh8 33. Qxa4 Kxh7
34. Qxa7 Kg8 35. Qe7 Qd6 36. Rd1 e5 37. Kf2 Qxe7 38. fxe7 Re8 39. Kf3 f5 40. g4
e4+ 41. Kf2 f4 42. Rxd4 Rxe7 43. Ke2 Kg7 44. b5 Kf6 45. h4 Ke5 46. Rb4 Rd7 47.
b6 f3+ 48. Ke1 Rb7 49. Kf2 Kf4 50. g5 hxg5 51. hxg5 Kxg5 52. Rxe4 Rxb6 53. Kxf3
1/2-1/2

[Event "27th 4NCL OTB Congress"]
[Site "Harrogate, United Kingdom"]
[Date "2022.01.23"]
[Round "5.3"]
[White "Clarke, Brandon G I"]
[Black "Makkar, Rajat"]
[Result "1-0"]
[WhiteElo "2502"]
[BlackElo "2301"]
[PlyCount "85"]
[EventDate "2022.01.21"]

1. e4 c6 2. d4 d5 3. e5 Bf5 4. Nf3 e6 5. Be2 c5 6. Be3 Qb6 7. Nc3 Nc6 8. O-O
Qxb2 9. Qe1 cxd4 10. Bxd4 Nxd4 11. Nxd4 Bb4 12. Ndb5 Ba5 13. Rb1 Qxc2 14. Rb3
Ne7 15. Bd1 Qc1 16. Nd6+ Kf8 17. Nxb7 Bb6 18. Na4 g5 19. Nd6 Bg6 20. h4 gxh4
21. Qb4 Qh6 22. Bg4 Qg5 23. Nxb6 axb6 24. Bh3 Qxe5 25. f4 Qf6 26. f5 exf5 27.
Nxf5 Bxf5 28. Rxf5 Qc6 29. Rc3 Qe6 30. Rcf3 Rxa2 31. Rf6 Ra1+ 32. Kh2 Qe5+ 33.
R3f4 Kg8 34. Be6 Ng6 35. Bxf7+ Kg7 36. Bxg6 hxg6 37. Qxb6 Qg5 38. Rxg6+ Qxg6
39. Qd4+ Kg8 40. Qxd5+ Kg7 41. Qd7+ Kg8 42. Qd8+ Kg7 43. Qe7+ 1-0

[Event "27th 4NCL OTB Congress"]
[Site "Harrogate, United Kingdom"]
[Date "2022.01.23"]
[Round "5.4"]
[White "Onslow, Alfie"]
[Black "Hunt, Harriet V"]
[Result "1-0"]
[WhiteElo "2237"]
[BlackElo "2413"]
[PlyCount "60"]
[EventDate "2022.01.21"]

1. e4 c6 2. d4 d5 3. e5 Bf5 4. h4 h5 5. Bd3 Bxd3 6. Qxd3 e6 7. Bg5 Be7 8. Nf3
Nh6 9. Nbd2 Nf5 10. c4 Qa5 11. O-O Bxg5 12. hxg5 Qa6 13. Qc3 dxc4 14. g6 fxg6
15. Ng5 c5 16. dxc5 Nd7 17. Nxc4 O-O 18. Nd6 Nxd6 19. exd6 Rae8 20. Rfe1 Rf6
21. b4 Qc6 22. Qb3 Nf8 23. Rad1 Kh8 24. Ne4 Rf4 25. b5 Qd7 26. Rc1 Rc8 27. Qc4
e5 28. c6 bxc6 29. bxc6 Qg4 30. d7 Ra8 1-0

[Event "27th 4NCL OTB Congress"]
[Site "Harrogate, United Kingdom"]
[Date "2022.01.23"]
[Round "5.5"]
[White "Bradbury, Neil H"]
[Black "Smith, Andrew Philip"]
[Result "0-1"]
[WhiteElo "2310"]
[BlackElo "2203"]
[PlyCount "56"]
[EventDate "2022.01.21"]

1. d4 Nf6 2. c4 c5 3. d5 e6 4. Nc3 exd5 5. cxd5 d6 6. e4 g6 7. Nf3 Bg7 8. Bg5
h6 9. Bh4 a6 10. a4 g5 11. Bg3 Nh5 12. Nd2 Nxg3 13. hxg3 Nd7 14. Nc4 Ne5 15.
Ne3 Qe7 16. Be2 Bd7 17. O-O O-O 18. Qc2 g4 19. a5 h5 20. Na4 h4 21. gxh4 Qxh4
22. Ra3 Nf3+ 23. Bxf3 gxf3 24. Nb6 Bb5 25. Nxa8 Be5 26. g3 Qh3 27. Re1 f5 28.
exf5 Kf7 0-1

[Event "27th 4NCL OTB Congress"]
[Site "Harrogate, United Kingdom"]
[Date "2022.01.23"]
[Round "5.6"]
[White "Jones, Steven A"]
[Black "Wilks, Simon"]
[Result "1/2-1/2"]
[WhiteElo "2343"]
[BlackElo "2242"]
[PlyCount "35"]
[EventDate "2022.01.21"]

1. e4 e6 2. d4 d5 3. exd5 exd5 4. Nf3 Nf6 5. Bd3 Bg4 6. O-O Be7 7. Re1 O-O 8.
c3 Re8 9. h3 Bh5 10. Bf4 Bd6 11. Rxe8+ Nxe8 12. Bxd6 Nxd6 13. Nbd2 c6 14. Qe2
Nd7 15. Re1 Nf8 16. Qe7 Qxe7 17. Rxe7 Re8 18. Rxe8 1/2-1/2

[Event "27th 4NCL OTB Congress"]
[Site "Harrogate, United Kingdom"]
[Date "2022.01.23"]
[Round "5.7"]
[White "Sedykh, Mikhail"]
[Black "Sowray, Peter J"]
[Result "1-0"]
[WhiteElo "2249"]
[BlackElo "2311"]
[PlyCount "131"]
[EventDate "2022.01.21"]

1. d4 d5 2. c4 e6 3. Nc3 Nf6 4. cxd5 exd5 5. Bg5 c6 6. e3 Bd6 7. Qc2 O-O 8. Bd3
h6 9. Bh4 Re8 10. Nf3 a5 11. O-O Na6 12. a3 Nc7 13. Rfe1 Bg4 14. Nd2 Bd7 15. f3
Ne6 16. Nf1 Ng5 17. Kh1 Bf8 18. Rad1 Qb6 19. Bf2 c5 20. Qd2 Bc6 21. Bb1 Rad8
22. Ng3 Qc7 23. h4 Ne6 24. Qc2 g6 25. h5 g5 26. Nf5 cxd4 27. Bg3 Qd7 28. Be5 d3
29. Rxd3 Nc5 30. Rxd5 Qe6 31. Rxd8 Rxd8 32. Bd4 a4 33. Ne2 Nb3 34. Bc3 Na1 35.
Qc1 Nxh5 36. b4 Nb3 37. Qc2 Qg6 38. Qb2 Qe6 39. Qc2 Qg6 40. Qb2 Qe6 41. Ned4
Nxd4 42. Nxd4 Qd7 43. Qc2 f5 44. Nxc6 bxc6 45. Ba2+ Kh7 46. g4 Ng7 47. Bb1 Qd5
48. e4 fxe4 49. Qxa4 Qc4 50. Bxe4+ Kh8 51. Qxc6 Qxc6 52. Bxc6 Rd3 53. Rc1 Kg8
54. Be4 Re3 55. Kg1 Re2 56. Kf1 Rh2 57. Kg1 Re2 58. Bd3 Re3 59. Bc4+ Kh7 60.
Kf2 Re8 61. a4 Rc8 62. Bd3+ Kg8 63. b5 Ba3 64. Rc2 Ne6 65. Bf5 Bc5+ 66. Kf1 1-0

[Event "27th 4NCL OTB Congress"]
[Site "Harrogate, United Kingdom"]
[Date "2022.01.23"]
[Round "5.8"]
[White "Longson, Sarah N"]
[Black "Townsend, M Paul"]
[Result "0-1"]
[WhiteElo "2177"]
[BlackElo "2283"]
[PlyCount "80"]
[EventDate "2022.01.21"]

1. e4 e6 2. d4 d5 3. Nc3 Bb4 4. exd5 exd5 5. Bd3 Nf6 6. Bg5 O-O 7. Nge2 c6 8.
O-O Nbd7 9. Ng3 Re8 10. Qf3 h6 11. Bf4 Nc5 12. Bf5 Ne6 13. Be5 Bd6 14. Rfe1
Bxe5 15. dxe5 Nd4 16. Qd3 Nxf5 17. exf6 Rxe1+ 18. Rxe1 g6 19. Nxf5 Bxf5 20. Qd4
Qb6 21. Qd2 Kh7 22. Re7 Rf8 23. b3 Qb4 24. h3 a5 25. g4 Bc8 26. Kg2 Qd6 27. Qd4
c5 28. Ne4 Qc6 29. Ng5+ hxg5 30. Qe5 d4+ 31. f3 Kh6 32. h4 Bxg4 33. Qxg5+ Kh7
34. Qxg4 Qxf6 35. Rxb7 Re8 36. Qg5 Re2+ 37. Kg3 Qd6+ 38. f4 Qe6 39. f5 Qe5+ 40.
Kf3 Qe4+ 0-1

[Event "27th 4NCL OTB Congress"]
[Site "Harrogate, United Kingdom"]
[Date "2022.01.23"]
[Round "5.10"]
[White "Gardiner, Eric D"]
[Black "Burnett, Andrew"]
[Result "0-1"]
[WhiteElo "2054"]
[BlackElo "2183"]
[PlyCount "110"]
[EventDate "2022.01.21"]

1. e4 c5 2. c3 d5 3. exd5 Qxd5 4. d4 Nc6 5. Nf3 Bf5 6. Be3 cxd4 7. cxd4 Bxb1 8.
Rxb1 e6 9. a3 Nf6 10. Be2 Bd6 11. O-O O-O 12. Qd3 Qe4 13. Qxe4 Nxe4 14. Rfd1
Rfd8 15. Bc4 Ne7 16. Ng5 Nf6 17. Bd3 Ned5 18. Ne4 Nxe4 19. Bxe4 Be7 20. Rbc1
Bf6 21. Bxd5 Rxd5 22. Rc7 Rb8 23. Rdc1 Kf8 24. Rc8+ Rxc8 25. Rxc8+ Ke7 26. Kf1
b5 27. b3 Rd7 28. Rc5 Rb7 29. Ke2 Kd7 30. a4 a6 31. Kd3 Be7 32. Rc2 f5 33. Bf4
bxa4 34. bxa4 Rb3+ 35. Rc3 Rb7 36. Be5 g5 37. h3 h5 38. f3 Bd8 39. Kc4 Rb2 40.
g4 hxg4 41. hxg4 Ba5 42. Rd3 fxg4 43. fxg4 Kc6 44. Rb3 Rc2+ 45. Kd3 Ra2 46. Rb8
Rxa4 47. Rg8 Ra3+ 48. Ke2 Ra2+ 49. Kd3 Ra3+ 50. Ke2 Kd5 51. Rxg5 Ke4 52. Bg7
Ra2+ 53. Kd1 Kd3 54. d5 Rg2 55. Kc1 Bd2+ 0-1

[Event "27th 4NCL OTB Congress"]
[Site "Harrogate, United Kingdom"]
[Date "2022.01.23"]
[Round "5.11"]
[White "May, Paul"]
[Black "Ther, Mate"]
[Result "1-0"]
[WhiteElo "1818"]
[BlackElo "2157"]
[PlyCount "65"]
[EventDate "2022.01.21"]

1. d4 Nf6 2. c4 e6 3. Nc3 d5 4. Bg5 Bb4 5. a3 Be7 6. c5 h6 7. Bh4 O-O 8. e3 c6
9. Nf3 Re8 10. Bd3 Nfd7 11. Bg3 Bf6 12. b4 e5 13. Be2 g6 14. O-O Bg7 15. dxe5
Nxe5 16. Nxe5 Bxe5 17. Bxe5 Rxe5 18. Qd4 Qe7 19. Bf3 f5 20. Bxd5+ cxd5 21. Nxd5
Qg7 22. f4 Nc6 23. Qc4 Re6 24. Rad1 Kh8 25. b5 Re4 26. Qd3 Nd8 27. b6 Ne6 28.
Nc3 Nxc5 29. Qd8+ Kh7 30. Nxe4 Nxe4 31. Rc1 Qg8 32. Rc7+ Kh8 33. Qd4+ 1-0

[Event "27th 4NCL OTB Congress"]
[Site "Harrogate, United Kingdom"]
[Date "2022.01.23"]
[Round "5.12"]
[White "Stubbs, Oliver"]
[Black "Gordon, Sean"]
[Result "1-0"]
[WhiteElo "2085"]
[BlackElo "1824"]
[PlyCount "72"]
[EventDate "2022.01.21"]

1. d4 Nf6 2. Nf3 g6 3. Bf4 Bg7 4. e3 O-O 5. Be2 d6 6. h3 c5 7. O-O Qb6 8. Nbd2
Be6 9. Ng5 Bd7 10. Nc4 Qc7 11. c3 h6 12. Nf3 b5 13. Ncd2 cxd4 14. cxd4 Qb7 15.
Qb3 a5 16. a4 b4 17. Rfc1 Na6 18. Nc4 Nc7 19. Bh2 Qa7 20. Bd3 Ne6 21. Rc2 Rac8
22. Rac1 Rc7 23. Nfd2 Rfc8 24. Qa2 Be8 25. Nb3 Nd5 26. Nbxa5 Nb6 27. Nxb6 Rxc2
28. Rxc2 Rxc2 29. Bxc2 Qxa5 30. Nc4 b3 31. Qa1 Qb4 32. Bd3 Bxa4 33. Bg3 Bb5 34.
Qf1 Bc6 35. Qe2 Bb7 36. Qd2 Qa5 1-0

[Event "27th 4NCL OTB Congress"]
[Site "Harrogate, United Kingdom"]
[Date "2022.01.23"]
[Round "5.13"]
[White "Eagleton, Greg T"]
[Black "Wedge, David C"]
[Result "1-0"]
[WhiteElo "2078"]
[BlackElo "1906"]
[PlyCount "111"]
[EventDate "2022.01.21"]

1. d4 Nf6 2. c4 g6 3. Nc3 Bg7 4. e4 d6 5. f3 O-O 6. Nge2 c5 7. Be3 cxd4 8. Nxd4
Nc6 9. Qd2 Nxd4 10. Bxd4 Qa5 11. Be2 Bd7 12. O-O Nh5 13. b4 Qxb4 14. Rfb1 Bxd4+
15. Qxd4 e5 16. Qe3 Qc5 17. Qxc5 dxc5 18. Rxb7 Be6 19. Nd5 Nf4 20. Bf1 Bc8 21.
Rb5 Ne6 22. Rab1 Rd8 23. Ne7+ Kg7 24. Nc6 Rd2 25. Ra5 Kf6 26. Rxa7 Rxa2 27.
Rxa8 Rxa8 28. Rb6 Bd7 29. Nb8 Bc8 30. g3 g5 31. h4 h6 32. Bh3 Ra1+ 33. Kf2 Ra4
34. Rc6 Bb7 35. Rb6 Bc8 36. Bxe6 Bxe6 37. Nd7+ Ke7 38. Nxc5 Rxc4 39. Rb7+ Kf6
40. Nxe6 fxe6 41. h5 Rc2+ 42. Ke3 Rc3+ 43. Kf2 Rc2+ 44. Kg1 Rc1+ 45. Kg2 g4 46.
fxg4 Rc2+ 47. Kf1 Rc4 48. Rh7 Rxe4 49. Rxh6+ Kg7 50. Rg6+ Kf7 51. g5 Ra4 52.
Rf6+ Ke7 53. h6 Ra8 54. Rg6 Rh8 55. Rg7+ Kf8 56. Ke2 1-0

[Event "27th 4NCL OTB Congress"]
[Site "Harrogate, United Kingdom"]
[Date "2022.01.23"]
[Round "5.14"]
[White "Fathallah, Joe"]
[Black "Gomez, Daniel"]
[Result "1/2-1/2"]
[WhiteElo "1988"]
[BlackElo "2072"]
[PlyCount "39"]
[EventDate "2022.01.21"]

1. d4 Nf6 2. c4 e6 3. Nc3 Bb4 4. Qc2 O-O 5. Bg5 h6 6. Bh4 d5 7. cxd5 exd5 8. e3
c6 9. Bd3 Re8 10. Nge2 Bd6 11. Bg3 a5 12. O-O Na6 13. a3 Nc7 14. Rab1 h5 15. b4
Bxg3 16. hxg3 Qd6 17. Bf5 b5 18. Rfc1 Nd7 19. Bxd7 Bxd7 20. Nf4 1/2-1/2

[Event "27th 4NCL OTB Congress"]
[Site "Harrogate, United Kingdom"]
[Date "2022.01.23"]
[Round "5.15"]
[White "Brencher, Paul"]
[Black "Pink, Joshua"]
[Result "1/2-1/2"]
[WhiteElo "1975"]
[BlackElo "2057"]
[PlyCount "69"]
[EventDate "2022.01.21"]

1. d4 Nf6 2. Bg5 c5 3. d5 e6 4. e4 Qa5+ 5. Bd2 Qc7 6. Nc3 a6 7. a4 Be7 8. Bc4
O-O 9. Nf3 e5 10. O-O d6 11. h3 g6 12. a5 Nh5 13. Bh6 Re8 14. Qd2 Bf8 15. Ne2
Qe7 16. g4 Bxh6 17. Qxh6 Nf6 18. Ng3 Qf8 19. Qxf8+ Rxf8 20. Ra3 h5 21. gxh5
Nxh5 22. Nxh5 gxh5 23. Nh4 Kh7 24. f4 Rg8+ 25. Kh2 Nd7 26. Nf5 exf4 27. Rxf4
Rg6 28. Be2 Ne5 29. Bxh5 Bxf5 30. exf5 Rg5 31. Bg4 Re8 32. Rb3 Re7 33. Rb6 Rd7
34. Kg3 f6 35. b4 1/2-1/2

[Event "27th 4NCL OTB Congress"]
[Site "Harrogate, United Kingdom"]
[Date "2022.01.23"]
[Round "5.16"]
[White "Bak, Christopher"]
[Black "Varley, Joe"]
[Result "1-0"]
[WhiteElo "2052"]
[BlackElo "1983"]
[PlyCount "139"]
[EventDate "2022.01.21"]

1. e4 e5 2. Nf3 Nc6 3. c3 d5 4. Qa4 Qd6 5. Bb5 Bd7 6. d3 Nf6 7. exd5 Nxd5 8.
Nbd2 Nb6 9. Qc2 O-O-O 10. Ne4 Qe6 11. Be3 a6 12. Bxb6 cxb6 13. Bc4 Qg6 14.
O-O-O Be7 15. Kb1 f5 16. Ned2 Rhe8 17. g3 Qd6 18. Bf7 Rf8 19. Bb3 b5 20. Rhe1
Bf6 21. d4 exd4 22. cxd4 Kb8 23. Qc5 Bc8 24. Qxd6+ Rxd6 25. d5 Na5 26. Ne5 g6
27. f4 b6 28. Re3 Bb7 29. Rd3 g5 30. Bc2 Bxe5 31. fxe5 Rxd5 32. Rxd5 Bxd5 33.
Rf1 f4 34. gxf4 Rxf4 35. Rxf4 gxf4 36. Bxh7 Nc4 37. Nxc4 bxc4 38. Kc2 Kc7 39.
Bf5 Bf7 40. Kc3 Kc6 41. Kd4 Bh5 42. Be4+ Kd7 43. Kxc4 Ke6 44. Kd4 f3 45. Ke3 f2
46. Kxf2 Kxe5 47. Bb7 a5 48. Bc6 Kd4 49. Bb5 Bf7 50. a3 Kc5 51. Be2 b5 52. Ke3
b4 53. h4 bxa3 54. bxa3 a4 55. Kd3 Kd6 56. Kd4 Ke7 57. Kc5 Kf8 58. Kb4 Bd5 59.
Kxa4 Be4 60. Kb4 Bc2 61. Bc4 Kg7 62. Bb3 Be4 63. a4 Kh6 64. a5 Bb7 65. Kc5 Kh5
66. Bc4 Kxh4 67. Kb6 Bf3 68. a6 Kg5 69. a7 Kf5 70. Ba6 1-0

[Event "27th 4NCL OTB Congress"]
[Site "Harrogate, United Kingdom"]
[Date "2022.01.23"]
[Round "5.17"]
[White "Hepworth, Peter"]
[Black "Mckay, Jonathan"]
[Result "0-1"]
[WhiteElo "2007"]
[BlackElo "1941"]
[PlyCount "96"]
[EventDate "2022.01.21"]

1. Nf3 Nf6 2. d4 g6 3. e3 Bg7 4. Be2 O-O 5. O-O d6 6. b3 c5 7. Bb2 b6 8. Nbd2
Bb7 9. c4 Ne4 10. Qc2 Nxd2 11. Nxd2 Nd7 12. Bf3 Qc7 13. Rac1 Rac8 14. Bxb7 Qxb7
15. d5 b5 16. Bxg7 Kxg7 17. f4 bxc4 18. bxc4 Rb8 19. Qc3+ Kg8 20. Qd3 Qa6 21.
Rc3 Rb2 22. a3 Rfb8 23. Nf3 Ra2 24. Rf2 Rxf2 25. Kxf2 Rb2+ 26. Kg3 Nf6 27. h3
Qb7 28. Kh2 a5 29. e4 Nh5 30. Qe3 a4 31. Nd2 Ra2 32. Rd3 Qb2 33. g3 Qc1 34. Kg2
Ra1 35. Kf3 Qh1+ 36. Kg4 Rg1 37. Qf2 Rg2 38. Qf1 Qh2 39. Kh4 Rxd2 40. Rf3 Qe2
41. g4 Nf6 42. e5 dxe5 43. fxe5 Qxe5 44. Rf5 gxf5 45. d6 fxg4 46. dxe7 Qxe7 47.
Qf5 Ne4+ 48. Kh5 Ng3+ 0-1

[Event "27th 4NCL OTB Congress"]
[Site "Harrogate, United Kingdom"]
[Date "2022.01.23"]
[Round "5.18"]
[White "Waterfield, Mark"]
[Black "Stokes, Michael"]
[Result "1/2-1/2"]
[WhiteElo "1822"]
[BlackElo "2071"]
[PlyCount "113"]
[EventDate "2022.01.21"]

1. e4 e5 2. Nf3 Nc6 3. d4 exd4 4. Bc4 Be7 5. O-O d6 6. h3 Nf6 7. Re1 O-O 8.
Nxd4 Nxd4 9. Qxd4 c6 10. Nc3 b5 11. Bf1 Be6 12. Bf4 a6 13. Nd1 d5 14. e5 Ne4
15. b4 c5 16. bxc5 Bxc5 17. Qb2 Qb6 18. Be3 d4 19. Bf4 Nc3 20. Bg3 a5 21. Nxc3
dxc3 22. Qxb5 Qxb5 23. Bxb5 Ba3 24. Rad1 Rab8 25. Ba4 Rb2 26. Ra1 Bxa2 27. Bf4
Bb4 28. Bc1 Bc4 29. f4 Ra2 30. Rxa2 Bxa2 31. f5 Rd8 32. Bg5 Rd5 33. Bh4 Rd4 34.
Bf2 Rd2 35. e6 Kf8 36. Bb6 fxe6 37. fxe6 Ke7 38. Be3 Rd5 39. Bf4 Rf5 40. Bg3 g5
41. Bd7 Bc4 42. h4 h6 43. hxg5 hxg5 44. Bc7 Bc5+ 45. Kh2 g4 46. Kg3 Rf8 47. Bf4
Bf2+ 48. Kxf2 Rxf4+ 49. Kg3 Rd4 50. Re5 Bd5 51. Re3 Rd2 52. Rxc3 Rxg2+ 53. Kf4
Bf3 54. Rc5 Rd2 55. Rxa5 Rxc2 56. Rg5 Rc4+ 57. Kg3 1/2-1/2

[Event "27th 4NCL OTB Congress"]
[Site "Harrogate, United Kingdom"]
[Date "2022.01.23"]
[Round "5.19"]
[White "De Sousa Muachikape, Jael"]
[Black "Coates, Sam"]
[Result "0-1"]
[WhiteElo "1841"]
[BlackElo "2019"]
[PlyCount "108"]
[EventDate "2022.01.21"]

1. d4 d5 2. c4 e6 3. Nc3 Nf6 4. Nf3 Nbd7 5. Bf4 dxc4 6. e3 Nb6 7. Ne5 Be7 8.
Nxc4 O-O 9. Bd3 Nxc4 10. Bxc4 a6 11. a4 c5 12. dxc5 Bxc5 13. Qc2 Qe7 14. h3 h6
15. Be5 Bd7 16. Ba2 Bc6 17. O-O Ba7 18. Bb1 g6 19. Rd1 Rfd8 20. Ba2 Rac8 21.
Rxd8+ Rxd8 22. Rd1 Bb6 23. b4 Nd7 24. Bd6 Qg5 25. e4 Ne5 26. Qe2 h5 27. Bb3 Kh7
28. b5 axb5 29. axb5 Be8 30. h4 Qf6 31. Na4 Ba5 32. Nc5 b6 33. Nb7 Ra8 34. Rc1
Ng4 35. Bg3 Bc3 36. Nd6 Be5 37. Nxe8 Rxe8 38. Qf3 Qe7 39. Bxe5 Nxe5 40. Qc3 Qf6
41. f4 Qxf4 42. Rf1 Qxe4 43. Re1 Qd3 44. Qxe5 Qxb3 45. Rf1 Kg8 46. Rf3 Qd1+ 47.
Kh2 Rd8 48. Qf6 Qd6+ 49. Kh3 Qd7 50. Rg3 e5+ 51. Kh2 Qd6 52. Qg5 Kh7 53. Rf3
e4+ 54. Rf4 f5 0-1

[Event "27th 4NCL OTB Congress"]
[Site "Harrogate, United Kingdom"]
[Date "2022.01.23"]
[Round "5.20"]
[White "Faulkner, Martin J"]
[Black "Wynarczyk, Raymond"]
[Result "1-0"]
[WhiteElo "2017"]
[BlackElo "1896"]
[PlyCount "95"]
[EventDate "2022.01.21"]

1. c4 e6 2. Nc3 d5 3. d4 Nf6 4. cxd5 exd5 5. Bg5 Bb4 6. a3 Bxc3+ 7. bxc3 Qd6 8.
e3 O-O 9. Bd3 Re8 10. Bxf6 Qxf6 11. Qh5 g6 12. Qxd5 c6 13. Qf3 Qd6 14. Ne2 Nd7
15. Bc4 Nf6 16. h3 Bf5 17. O-O Ne4 18. Rfd1 Rad8 19. Bd3 Ng5 20. Qf4 Bxd3 21.
Rxd3 Ne6 22. Qxd6 Rxd6 23. Rdd1 Red8 24. Rdb1 b6 25. a4 f5 26. g3 Ng5 27. Kg2
Ne4 28. Rb2 Rd5 29. c4 Ra5 30. f3 Nd6 31. Rc2 b5 32. cxb5 cxb5 33. Rc5 Rb8 34.
Nc3 Ra6 35. a5 Nc4 36. e4 Ne3+ 37. Kf2 Nc2 38. Rd1 Rxa5 39. d5 Rd8 40. e5 Ra6
41. Rxb5 Ra3 42. Rc5 Nb4 43. e6 Na6 44. Rc6 Nb8 45. Rc7 Ra6 46. Nb5 Ra5 47. e7
Re8 48. Nd6 1-0

[Event "27th 4NCL OTB Congress"]
[Site "Harrogate, United Kingdom"]
[Date "2022.01.23"]
[Round "5.22"]
[White "Miller, George"]
[Black "Riddle, Jim"]
[Result "1-0"]
[WhiteElo "1889"]
[BlackElo "1585"]
[PlyCount "56"]
[EventDate "2022.01.21"]

1. e4 e5 2. d4 d6 3. Nf3 Bg4 4. dxe5 dxe5 5. Qxd8+ Kxd8 6. Nxe5 Be6 7. Bc4 Ke7
8. Be3 Nf6 9. Bc5+ Ke8 10. Bxf8 Kxf8 11. Bxe6 fxe6 12. Nc3 Ke7 13. Rd1 Nbd7 14.
Nxd7 Nxd7 15. Ke2 a6 16. Rd2 Rad8 17. Rhd1 g6 18. f4 Rhf8 19. g3 b6 20. b4 Rf6
21. e5 Rff8 22. Ne4 Rg8 23. Rxd7+ Rxd7 24. Rxd7+ Kxd7 25. Nf6+ Kc6 26. Nxg8 Kb5
27. c3 Kc4 28. Kd2 Kd5 1-0

[Event "27th 4NCL Congress"]
[Site "The Old Swan Harrogate"]
[Date "2022.01.21"]
[Round "1.1"]
[White "Mildenhall, John"]
[Black "Erskine-Pereira, Jack"]
[Result "1-0"]
[WhiteElo "1976"]
[BlackElo "1846"]
[PlyCount "78"]
[EventDate "2022.01.21"]

1. d4 e6 2. Nf3 Nf6 3. Bf4 c5 4. e3 d5 5. c3 Bd6 6. Bg3 Nc6 7. Nbd2 O-O 8. Bd3
Re8 9. Ne5 Bxe5 10. dxe5 Nd7 11. Nf3 Qc7 12. Qa4 c4 13. Bb1 b5 14. Qc2 g6 15.
Qd2 Ndxe5 16. Nxe5 Nxe5 17. Qd4 f6 18. f4 Nc6 19. Qxf6 Rf8 20. Qg5 b4 21. Kd2
bxc3+ 22. bxc3 Qg7 23. h4 Rb8 24. Bc2 d4 25. exd4 Nxd4 26. Rab1 Rxb1 27. Rxb1
Nc6 28. Be4 Rd8+ 29. Kc2 Qd7 30. f5 Bb7 31. Rxb7 Qd1+ 32. Kb2 Rd2+ 33. Ka3 Qc1+
34. Ka4 Rxa2+ 35. Kb5 Qd1 36. Kxc6 Ra6+ 37. Kc7 Qg1 38. Qd8+ Kg7 39. Kb8+ Kh6
1-0

[Event "27th 4NCL Congress"]
[Site "The Old Swan Harrogate"]
[Date "2022.01.21"]
[Round "1.2"]
[White "Hall, David G"]
[Black "De Coverly, Roger D"]
[Result "1/2-1/2"]
[WhiteElo "1844"]
[BlackElo "1970"]
[PlyCount "60"]
[EventDate "2022.01.21"]

1. d4 Nf6 2. Nf3 g6 3. g3 Bg7 4. c4 O-O 5. Bg2 d6 6. Nc3 Nbd7 7. O-O e5 8. h3
c6 9. e4 exd4 10. Nxd4 Re8 11. Re1 a5 12. Be3 Nc5 13. Qc2 a4 14. Rad1 Qa5 15.
Bf4 Ne6 16. Bxd6 Nxd4 17. Rxd4 Nd5 18. e5 Bf5 19. Qd2 Nxc3 20. Qxc3 Qxc3 21.
bxc3 f6 22. f4 fxe5 23. fxe5 Ra5 24. c5 Be6 25. a3 Bb3 26. Rb4 Ra7 27. h4 Bh6
28. Re2 Bd1 29. Re1 Bb3 30. Re2 Bd1 1/2-1/2

[Event "27th 4NCL Congress"]
[Site "The Old Swan Harrogate"]
[Date "2022.01.21"]
[Round "1.3"]
[White "Ashcroft, Graham J"]
[Black "Williamson, Graham AG"]
[Result "1-0"]
[WhiteElo "1968"]
[BlackElo "1839"]
[PlyCount "27"]
[EventDate "2022.01.21"]

1. c4 f5 2. g3 Nf6 3. Bg2 e6 4. Nf3 Be7 5. O-O O-O 6. Nc3 d6 7. d3 Qe8 8. e4 e5
9. exf5 Nc6 10. d4 Bxf5 11. dxe5 dxe5 12. Nd5 Bc5 13. Nxf6+ Rxf6 14. Qd5+ 1-0